[Event "Outaouais op U1500"]
[Site "Gatineau"]
[Date "2015.06.07"]
[Round "5"]
[White "Murdoch, Eric"]
[Black "Ethier, Valori"]
[Result "1-0"]
[WhiteElo "1278"]
[BlackElo "1314"]
[PlyCount "80"]
[EventDate "2015.06.05"]
[EventType "swiss"]
[EventRounds "5"]
[EventCountry "CAN"]
[SourceTitle "EXT 2019"]
[Source "ChessBase"]
[SourceDate "2018.10.10"]
[SourceVersion "1"]
[SourceVersionDate "2018.10.10"]
[SourceQuality "1"]

1. e4 c6 2. d4 d5 3. Nc3 dxe4 4. Nxe4 Bf5 5. Ng3 Bg6 6. Nf3 e6 7. Bd3 Bxd3 8. Qxd3 Nf6 9. 0-0 Be7 10. Re1 Nbd7 11. Bf4 0-0 12. Ne4 Nxe4 13. Rxe4 Nf6 14. Re2 h6 15. Rae1 Nh5 16. Bc1 Qc7 17. Ne5 Nf6 18. Qg3 Kh7 19. f4 Qd8 20. Qd3+ Kg8 21. c3 c5 22. Kh1 cxd4 23. cxd4 Qd5 24. a3 Rfd8 25. Rd1 Bd6 26. f5 exf5 27. Qxf5 Re8 28. Ree1 Re7 29. Bxh6 Bxe5 30. dxe5 Qe6 31. Qg5 Ne8 32. Rf1 Qxe5 33. Qxe5 Rxe5 34. Bc1 Re2 35. Rd7 Nf6 36. Rxb7 Rae8 37. h3 Re1 38. Kg1 R8e5 39. Bd2 Rxf1+ 40. Kxf1 Kh8 1-0